[Event "Villa Guardia Coppa D'Oro 29th"]
[Site "Villa Guardia"]
[Date "2011.11.01"]
[Round "6"]
[White "Padovan, Remo"]
[Black "Gonella, Daniele"]
[Result "0-1"]
[WhiteElo "2026"]
[BlackElo "2103"]
[PlyCount "104"]
[EventDate "2011.10.30"]
[EventType "swiss"]
[EventRounds "6"]
[EventCountry "ITA"]
[SourceTitle "EXT 2024"]
[Source "ChessBase"]
[SourceDate "2023.10.10"]
[SourceVersion "1"]
[SourceVersionDate "2023.10.10"]
[SourceQuality "1"]

1. d4 d5 2. c4 e6 3. cxd5 exd5 4. Nc3 c6 5. Nf3 Nf6 6. Bg5 Be7 7. Qc2 0-0 8. e3 h6 9. Bh4 b6 10. Bd3 c5 11. 0-0 c4 12. Bf5 Bb7 13. Ne5 Nfd7 14. Bg3 Nxe5 15. Bxe5 Nd7 16. Bg3 Bf6 17. Rad1 g6 18. Bh3 a6 19. a4 Re8 20. Rfe1 Nf8 21. f4 Bh4 22. Qf2 Bxg3 23. Qxg3 Qd6 24. Qh4 Kg7 25. Rd2 Nh7 26. Rf2 Nf6 27. Qg3 Bc8 28. f5 Qxg3 29. hxg3 g5 30. g4 Bb7 31. g3 Bc6 32. Rfe2 b5 33. axb5 axb5 34. Nd1 Ne4 35. Kh2 b4 36. Bg2 Nf6 37. Nf2 Ra2 38. Bf3 Bb5 39. Nd1 Ne4 40. Bxe4 Rxe4 41. Kh3 Re8 42. Rf2 Ba4 43. f6+ Kg6 44. Rf5 Bxd1 45. Rxd1 Rxb2 46. Rxd5 Ra8 47. Rc5 Raa2 48. Rh1 c3 49. e4 c2 50. e5 Rb1 51. Rh2 c1Q 52. Rxc1 Rxc1 0-1

[Event "Villa Guardia Coppa D'Oro 29th"]
[Site "Villa Guardia"]
[Date "2011.10.31"]
[Round "4"]
[White "Padovan, Remo"]
[Black "Gagliardi, Christian"]
[Result "1-0"]
[WhiteElo "2026"]
[BlackElo "2253"]
[PlyCount "103"]
[EventDate "2011.10.30"]
[EventType "swiss"]
[EventRounds "6"]
[EventCountry "ITA"]
[SourceTitle "EXT 2024"]
[Source "ChessBase"]
[SourceDate "2023.10.10"]
[SourceVersion "1"]
[SourceVersionDate "2023.10.10"]
[SourceQuality "1"]

1. d4 Nf6 2. c4 e6 3. Nc3 Bb4 4. e3 0-0 5. Bd3 d5 6. cxd5 exd5 7. Nge2 c6 8. 0-0 Re8 9. Qc2 Nbd7 10. f3 Nf8 11. a3 Ba5 12. b4 Bc7 13. b5 cxb5 14. Bxb5 Bd7 15. Bxd7 Qxd7 16. Qd3 Rac8 17. e4 dxe4 18. fxe4 Ng4 19. Bf4 Ng6 20. Bxc7 Qxc7 21. g3 Ne7 22. h3 Nh6 23. g4 f6 24. Qe3 Qa5 25. Qg3 Nf7 26. h4 Rf8 27. a4 a6 28. Rab1 Rb8 29. Nf4 Qc7 30. Qe3 Qd7 31. Rb2 Rfe8 32. Rg2 Rbd8 33. d5 Qd6 34. Ne6 Rc8 35. g5 f5 36. exf5 Nxd5 37. Qd4 Nf6 38. Qxd6 Nxd6 39. gxf6 Rxc3 40. Rxg7+ Kh8 41. Ng5 h6 42. Rh7+ Kg8 43. Rg7+ Kh8 44. Rh7+ Kg8 45. Rxh6 Rf8 46. Rg6+ Kh8 47. h5 Rc4 48. Rh6+ Kg8 49. Rg6+ Kh8 50. Ne6 Rfc8 51. Rf2 Rh4 52. Rh6+ 1-0

[Event "Villa Guardia Coppa D'Oro 29th"]
[Site "Villa Guardia"]
[Date "2011.10.31"]
[Round "3"]
[White "Padovan, Remo"]
[Black "Paniga, Danilo"]
[Result "1-0"]
[WhiteElo "2026"]
[BlackElo "1858"]
[PlyCount "87"]
[EventDate "2011.10.30"]
[EventType "swiss"]
[EventRounds "6"]
[EventCountry "ITA"]
[SourceTitle "EXT 2024"]
[Source "ChessBase"]
[SourceDate "2023.10.10"]
[SourceVersion "1"]
[SourceVersionDate "2023.10.10"]
[SourceQuality "1"]

1. d4 f5 2. Nf3 Nf6 3. c4 g6 4. g3 Bg7 5. Bg2 0-0 6. 0-0 d6 7. Nc3 Qe8 8. d5 a5 9. Qc2 Na6 10. a3 Bd7 11. b3 Nc5 12. Bb2 e5 13. dxe6 Nxe6 14. Rad1 b6 15. Rfe1 Qf7 16. e3 Rad8 17. b4 axb4 18. axb4 h6 19. Nd2 Rfe8 20. Nd5 Bc8 21. Bc3 Nxd5 22. Bxd5 Bxc3 23. Qxc3 Qg7 24. Qxg7+ Kxg7 25. Ra1 Ng5 26. Ra7 Re7 27. Rea1 Rde8 28. Bc6 Bd7 29. Rxc7 Bxc6 30. Rxc6 Ne4 31. Nxe4 Rxe4 32. Ra7+ Kf8 33. Rac7 b5 34. cxb5 Rxb4 35. Rxd6 Re7 36. Rxe7 Kxe7 37. Rxg6 Rxb5 38. Rxh6 Rb4 39. Kg2 Kf7 40. Kf3 Ra4 41. Rd6 Re4 42. Rd4 Re6 43. Kf4 Kg6 44. h4 1-0

[Event "Villa Guardia Coppa D'Oro 29th"]
[Site "Villa Guardia"]
[Date "2011.10.30"]
[Round "2"]
[White "Grassetto, Gilberto"]
[Black "Padovan, Remo"]
[Result "0-1"]
[WhiteElo "1868"]
[BlackElo "2026"]
[PlyCount "82"]
[EventDate "2011.10.30"]
[EventType "swiss"]
[EventRounds "6"]
[EventCountry "ITA"]
[SourceTitle "EXT 2024"]
[Source "ChessBase"]
[SourceDate "2023.10.10"]
[SourceVersion "1"]
[SourceVersionDate "2023.10.10"]
[SourceQuality "1"]

1. d4 f5 2. c4 Nf6 3. Nc3 e6 4. g3 d5 5. cxd5 exd5 6. Bg2 c6 7. Nh3 Be7 8. 0-0 0-0 9. f3 Na6 10. a3 Nc7 11. b4 a5 12. bxa5 Rxa5 13. Nf2 Ne6 14. e3 b6 15. Nd3 Ba6 16. Re1 Bd6 17. Ne5 Bxe5 18. dxe5 Nd7 19. f4 Bc4 20. Bd2 Ra7 21. a4 Ndc5 22. Bf1 Bxf1 23. Rxf1 d4 24. Ne2 Rd7 25. Qc1 d3 26. Nc3 Nb3 27. Qb2 Nxa1 28. Rxa1 Kh8 29. Rb1 Rb7 30. a5 b5 31. Na4 Qe7 32. Nb6 Rd8 33. Bb4 c5 34. Bd2 b4 35. Nc4 Ra7 36. Qb3 g5 37. Ra1 gxf4 38. gxf4 Rg8+ 39. Kf1 Qg7 40. Qxd3 Qg1+ 41. Ke2 Rg2+ 0-1

[Event "Alta Padovana op 5th"]
[Site "Loreggia"]
[Date "2005.02.26"]
[Round "3"]
[White "Molina, Fabrizio"]
[Black "Padovan, Remo"]
[Result "1-0"]
[WhiteElo "2276"]
[BlackElo "1853"]
[PlyCount "47"]
[EventDate "2005.02.25"]
[EventType "swiss"]
[EventRounds "5"]
[EventCountry "ITA"]
[SourceTitle "EXT 2007"]
[Source "ChessBase"]
[SourceDate "2006.11.23"]
[SourceVersion "1"]
[SourceVersionDate "2006.11.23"]
[SourceQuality "1"]

1. c4 e6 2. g3 d5 3. Bg2 c6 4. Nf3 Bd6 5. b3 Nd7 6. Bb2 Ngf6 7. 0-0 0-0 8. d3 Qe7 9. Nc3 a6 10. Rc1 b5 11. Qd2 Bb7 12. Rfd1 Nb6 13. e4 Nfd7 14. cxd5 cxd5 15. Nd4 b4 16. Nxd5 Bxd5 17. exd5 Rac8 18. Nc6 Qe8 19. Re1 Nc5 20. d4 Nb7 21. dxe6 fxe6 22. d5 Bc5 23. Rxc5 Nxc5 24. Qd4 1-0

[Event "Campodarsego op 16th"]
[Site "Campodarsego"]
[Date "2005.01.22"]
[Round "2"]
[White "Galiazzo, Giuliano"]
[Black "Padovan, Remo"]
[Result "1/2-1/2"]
[WhiteElo "2032"]
[BlackElo "1853"]
[PlyCount "49"]
[EventDate "2005.01.21"]
[EventType "swiss"]
[EventRounds "5"]
[EventCountry "ITA"]
[SourceTitle "EXT 2007"]
[Source "ChessBase"]
[SourceDate "2006.11.23"]
[SourceVersion "1"]
[SourceVersionDate "2006.11.23"]
[SourceQuality "1"]

1. d4 f5 2. Bg5 d5 3. e3 c6 4. Bd3 Qa5+ 5. c3 e6 6. Nf3 Nd7 7. Nbd2 Bd6 8. Bf4 Qc7 9. Bxd6 Qxd6 10. Ng5 Ngf6 11. f4 0-0 12. 0-0 h6 13. Ngf3 b6 14. Ne5 c5 15. Ndf3 Bb7 16. Qe2 a6 17. Nxd7 Nxd7 18. Ne5 Nxe5 19. fxe5 Qe7 20. Qh5 Qg5 21. Qxg5 hxg5 22. Rf3 g4 23. Rff1 Rf7 24. g3 g5 25. Rf2 1/2-1/2

[Event "Campodarsego op 16th"]
[Site "Campodarsego"]
[Date "2005.01.21"]
[Round "1"]
[White "Padovan, Remo"]
[Black "Bonafede, Alessandro"]
[Result "0-1"]
[WhiteElo "1853"]
[BlackElo "2089"]
[PlyCount "118"]
[EventDate "2005.01.21"]
[EventType "swiss"]
[EventRounds "5"]
[EventCountry "ITA"]
[SourceTitle "EXT 2007"]
[Source "ChessBase"]
[SourceDate "2006.11.23"]
[SourceVersion "1"]
[SourceVersionDate "2006.11.23"]
[SourceQuality "1"]

1. e4 c5 2. Nf3 Nc6 3. d4 cxd4 4. Nxd4 Nf6 5. Nc3 e5 6. Nb3 Bb4 7. Bd3 d5 8. exd5 Nxd5 9. Bd2 Bxc3 10. bxc3 0-0 11. 0-0 f5 12. Qe2 Kh8 13. Bb5 Qf6 14. Bxc6 bxc6 15. c4 Nb6 16. Bc3 Ba6 17. Na5 Rfe8 18. Rfe1 Qf7 19. Bxe5 Bxc4 20. Nxc4 Nxc4 21. f4 Nxe5 22. fxe5 Re6 23. Qc4 Rae8 24. Re3 Qc7 25. Qc5 Rxe5 26. Rxe5 Qxe5 27. Qxe5 Rxe5 28. Rb1 h6 29. Rb8+ Kh7 30. Ra8 Ra5 31. Rc8 Rc5 32. Ra8 a5 33. c4 Kg6 34. Kf2 Kf6 35. h3 f4 36. Kf3 Ke5 37. h4 Kd4 38. Kxf4 Kxc4 39. Re8 Kd3 40. g4 Rc2 41. Re3+ Kc4 42. Re4+ Kc5 43. Re5+ Kb4 44. a3+ Ka4 45. Re3 Rh2 46. h5 Ra2 47. Rc3 Rf2+ 48. Ke3 Rf6 49. Ke4 Kb5 50. Ke5 a4 51. Ke4 Rf1 52. Rc2 Rb1 53. Kf5 Rb3 54. Ra2 c5 55. Kg6 Rg3 56. Kxg7 Rxg4+ 57. Kxh6 Rg3 58. Kh7 Kc4 59. h6 Kb3 0-1